[Event "Novi Sad Dankovic Memorial"]
[Site "Novi Sad"]
[Date "2017.11.22"]
[Round "5"]
[White "Yang, Hainan"]
[Black "Ivanov, Mikhail M"]
[Result "1/2-1/2"]
[WhiteElo "2417"]
[BlackElo "2399"]
[PlyCount "25"]
[EventDate "2017.11.19"]
[EventType "tourn"]
[EventRounds "9"]
[EventCountry "SRB"]
[EventCategory "6"]
[SourceTitle "CBM 181 Extra"]
[Source "ChessBase"]
[SourceDate "2017.12.12"]
[SourceVersion "1"]
[SourceVersionDate "2017.12.12"]
[SourceQuality "1"]

1. d4 d5 2. Nf3 Nf6 3. c4 dxc4 4. e3 b5 5. a4 b4 6. Bxc4 e6 7. 0-0 Bb7 8. Nbd2 Nbd7 9. Qe2 Be7 10. b3 c5 11. dxc5 0-0 12. Bb2 Nxc5 13. Rfd1 1/2-1/2

[Event "Novi Sad Dankovic Memorial"]
[Site "Novi Sad"]
[Date "2017.11.22"]
[Round "6"]
[White "Yang, Hainan"]
[Black "Zakaryan, David"]
[Result "1/2-1/2"]
[WhiteElo "2417"]
[BlackElo "2359"]
[PlyCount "104"]
[EventDate "2017.11.19"]
[EventType "tourn"]
[EventRounds "9"]
[EventCountry "SRB"]
[EventCategory "6"]
[SourceTitle "CBM 181 Extra"]
[Source "ChessBase"]
[SourceDate "2017.12.12"]
[SourceVersion "1"]
[SourceVersionDate "2017.12.12"]
[SourceQuality "1"]

1. d4 Nf6 2. Nc3 d5 3. Bf4 a6 4. Nf3 e6 5. e3 c5 6. a3 b5 7. h3 Nbd7 8. Ne5 Bb7 9. Be2 Nxe5 10. Bxe5 Bd6 11. f4 cxd4 12. exd4 Ne4 13. Nxe4 dxe4 14. 0-0 0-0 15. c3 Be7 16. f5 exf5 17. Rxf5 f6 18. Bh2 g6 19. Rf1 f5 20. a4 Bd6 21. Bxd6 Qxd6 22. axb5 axb5 23. Rxa8 Bxa8 24. Bxb5 f4 25. Bc4+ Bd5 26. Qb3 Bxc4 27. Qxc4+ Kg7 28. Qc5 Qf6 29. Qe5 Qxe5 30. dxe5 e3 31. b4 Rd8 32. b5 Rd5 33. c4 Rd4 34. b6 Rxc4 35. Rb1 Rc8 36. b7 Rb8 37. Kf1 Kf7 38. Rb6 Ke7 39. h4 Kd7 40. Ke2 Kc7 41. Rb4 Rxb7 42. Rxf4 Rb2+ 43. Kxe3 Rxg2 44. Rf7+ Kc6 45. Rxh7 Kd5 46. Kf4 Ke6 47. Rg7 Rg1 48. Rg8 Kf7 49. Ra8 Rf1+ 50. Ke4 Re1+ 51. Kd4 Rd1+ 52. Ke4 Re1+ 1/2-1/2

[Event "Novi Sad Dankovic Memorial"]
[Site "Novi Sad"]
[Date "2017.11.19"]
[Round "1"]
[White "Yang, Hainan"]
[Black "Melia, Salome"]
[Result "1-0"]
[WhiteElo "2417"]
[BlackElo "2398"]
[PlyCount "215"]
[EventDate "2017.11.19"]
[EventType "tourn"]
[EventRounds "9"]
[EventCountry "SRB"]
[EventCategory "6"]
[SourceTitle "CBM 181 Extra"]
[Source "ChessBase"]
[SourceDate "2017.12.12"]
[SourceVersion "1"]
[SourceVersionDate "2017.12.12"]
[SourceQuality "1"]

1. e4 c5 2. Nf3 Nc6 3. d4 cxd4 4. Nxd4 Nf6 5. Nc3 e5 6. Ndb5 d6 7. Bg5 a6 8. Na3 b5 9. Nd5 Be7 10. Bxf6 Bxf6 11. c4 b4 12. Nc2 0-0 13. g3 a5 14. Bg2 Bg5 15. 0-0 Ne7 16. Nce3 Bxe3 17. Nxe3 Be6 18. Qd3 Qc7 19. Rad1 Rfd8 20. b3 Nc6 21. Nc2 Nb8 22. Rd2 Na6 23. Rb1 Nc5 24. Qe2 a4 25. Ne3 axb3 26. axb3 Ra3 27. Qd1 g6 28. h4 h5 29. Kh2 Qe7 30. Kg1 Ra6 31. Nc2 Qb7 32. Qe1 Rda8 33. Kh2 Rb8 34. Qe3 Ra2 35. Rxd6 Na4 36. Ra1 Rxa1 37. Nxa1 Qc7 38. Rxe6 fxe6 39. bxa4 Qxc4 40. Nb3 Rf8 41. Bh3 Kh7 42. Nc5 Qd4 43. Kg2 Qxe3 44. fxe3 Ra8 45. Bxe6 Ra5 46. Nd3 Rxa4 47. Kf3 Ra6 48. Bd5 Rb6 49. Nc5 Rb5 50. Nb3 Kg7 51. Ke2 Rb8 52. Nc5 Rb5 53. Nd3 Kf6 54. Kd2 Rb8 55. Nc5 Ke7 56. Bb3 Kd6 57. Nd3 Rf8 58. Ke2 Rb8 59. Bf7 b3 60. Nb2 Rc8 61. Bxb3 Rb8 62. Nc4+ Ke7 63. Nd2 Kf6 64. Bd5 Rb2 65. Kd3 Rb6 66. Nc4 Rb1 67. Ke2 Rg1 68. Kf2 Rb1 69. Nd6 Rb2+ 70. Kf3 Rh2 71. Nc4 Rh1 72. Nb6 Ke7 73. Bc4 Rc1 74. Be2 Rc2 75. Nd5+ Kf8 76. Bf1 Kf7 77. g4 hxg4+ 78. Kxg4 Rc1 79. Bg2 Rg1 80. Kf3 Rb1 81. Bh3 Rh1 82. Kg2 Rb1 83. Bg4 Rb2+ 84. Kh3 Rb1 85. h5 gxh5 86. Bxh5+ Ke6 87. Bg4+ Kd6 88. Kh4 Rh1+ 89. Kg5 Rg1 90. Nf6 Ke7 91. Ng8+ Kd6 92. Nh6 Ke7 93. Kf5 Rh1 94. Kg6 Rg1 95. Nf5+ Kf8 96. Kg5 Re1 97. Kf6 Ra1 98. Kxe5 Ra5+ 99. Kf4 Ra4 100. Nd4 Ke7 101. e5 Rc4 102. Bf3 Rc1 103. Bd5 Rf1+ 104. Ke4 Rf2 105. Nf5+ Kd8 106. e6 Rc2 107. Ke5 Kc7 108. Kf6 1-0

[Event "Novi Sad Vujovic Memorial"]
[Site "Novi Sad"]
[Date "2017.11.18"]
[Round "8"]
[White "Yang, Hainan"]
[Black "Rajdeep, Sarkar"]
[Result "1/2-1/2"]
[WhiteElo "2417"]
[BlackElo "2344"]
[PlyCount "133"]
[EventDate "2017.11.13"]
[EventType "tourn"]
[EventRounds "9"]
[EventCountry "SRB"]
[EventCategory "7"]
[SourceTitle "CBM 181 Extra"]
[Source "ChessBase"]
[SourceDate "2017.12.12"]
[SourceVersion "1"]
[SourceVersionDate "2017.12.12"]
[SourceQuality "1"]

1. e4 e5 2. Nf3 Nc6 3. Bc4 Nf6 4. Ng5 d5 5. exd5 b5 6. Bf1 Nd4 7. c3 Nxd5 8. h4 Nf5 9. Bxb5+ Bd7 10. Qa4 Nd6 11. Bxd7+ Qxd7 12. Qxd7+ Kxd7 13. d3 f5 14. Na3 Re8 15. Nc4 Nxc4 16. dxc4 Nb6 17. b3 h6 18. Nf3 g6 19. a4 a5 20. Ba3 c5 21. 0-0-0+ Kc6 22. Rhe1 Bg7 23. Kc2 Re6 24. Re2 Rhe8 25. Red2 Bf8 26. g3 e4 27. Ng1 Bd6 28. Ne2 g5 29. hxg5 hxg5 30. Bc1 Rf6 31. Rh1 Bc7 32. Rdd1 f4 33. gxf4 gxf4 34. Rh4 Ref8 35. Rg1 Nc8 36. Rgg4 Ne7 37. Nxf4 Nf5 38. Rh7 Nh6 39. Rh4 Bxf4 40. Bxf4 Rxf4 41. R4xh6+ R8f6 42. Rxf6+ Rxf6 43. Rh2 Rf3 44. Kd2 Rd3+ 45. Ke2 Rxc3 46. Kd2 Rd3+ 47. Ke2 Rc3 48. Rh4 Rxb3 49. Rxe4 Rb4 50. f4 Rxa4 51. f5 Ra2+ 52. Ke3 Ra1 53. Kf4 Rf1+ 54. Ke5 a4 55. Ke6 a3 56. Re2 Kb6 57. f6 Ka5 58. f7 Kb4 59. Rc2 Kb3 60. Rc1 Rxc1 61. f8Q a2 62. Qf3+ Rc3 63. Qb7+ Kc2 64. Qg2+ Kb1 65. Qe4+ Kc1 66. Qh1+ Kb2 67. Qb7+ 1/2-1/2

[Event "Kecskemet Caissa IM New Year"]
[Site "Kecskemet"]
[Date "2017.01.04"]
[Round "9"]
[White "Yang, Hainan"]
[Black "Radlovacki, Jovan"]
[Result "1-0"]
[WhiteElo "2368"]
[BlackElo "2345"]
[PlyCount "53"]
[EventDate "2016.12.27"]
[EventType "tourn"]
[EventRounds "10"]
[EventCountry "HUN"]
[EventCategory "2"]
[SourceTitle "CBM 176 Extra"]
[Source "ChessBase"]
[SourceDate "2017.03.02"]
[SourceVersion "1"]
[SourceVersionDate "2017.03.02"]
[SourceQuality "1"]

1. d4 Nf6 2. Nc3 d5 3. Bg5 Nbd7 4. Nf3 c6 5. e3 e6 6. Bd3 Be7 7. 0-0 0-0 8. h3 Re8 9. Bf4 Nf8 10. Qe2 Ng6 11. Bg3 Bd6 12. Bxg6 hxg6 13. Bxd6 Qxd6 14. e4 dxe4 15. Nxe4 Qd5 16. Neg5 b6 17. Ne5 Re7 18. c4 Qd6 19. Rad1 Bb7 20. Rfe1 c5 21. Qe3 Rf8 22. dxc5 Qxc5 23. Qxc5 bxc5 24. Rd6 Rc8 25. Red1 Ne8 26. Rd8 Rec7 27. Ngxf7 1-0

[Event "Kecskemet Caissa IM New Year"]
[Site "Kecskemet"]
[Date "2016.12.28"]
[Round "2"]
[White "Erdelyi, Tamas"]
[Black "Yang, Hainan"]
[Result "0-1"]
[WhiteElo "2094"]
[BlackElo "2368"]
[PlyCount "110"]
[EventDate "2016.12.27"]
[EventType "tourn"]
[EventRounds "10"]
[EventCountry "HUN"]
[EventCategory "2"]
[SourceTitle "CBM 176 Extra"]
[Source "ChessBase"]
[SourceDate "2017.03.02"]
[SourceVersion "1"]
[SourceVersionDate "2017.03.02"]
[SourceQuality "1"]

1. Nf3 d5 2. c4 c6 3. b3 Nf6 4. Bb2 Bg4 5. e3 e6 6. Be2 Bd6 7. 0-0 0-0 8. a3 Nbd7 9. cxd5 exd5 10. d3 Re8 11. Re1 Qe7 12. Nbd2 h6 13. Qc1 Ne5 14. Nxe5 Bxe5 15. Bxe5 Qxe5 16. Bxg4 Nxg4 17. Nf3 Qd6 18. Qc3 Ne5 19. Nxe5 Rxe5 20. d4 Rh5 21. h3 Qg6 22. Kh2 Re8 23. Rad1 Qd6+ 24. Kh1 Re6 25. Qd3 Qxa3 26. Rg1 Qe7 27. Ra1 a6 28. Rab1 Rg6 29. b4 Qe6 30. Qf1 Qe4 31. Kh2 Rf6 32. Rb2 Rhf5 33. Qe1 Qe8 34. Kh1 Re6 35. Qd2 Re4 36. Qd3 Qe6 37. Kh2 Rh5 38. Qf1 Reh4 39. Rb1 g5 40. Rb2 Kh8 41. Rb3 g4 42. Rb2 Qd6+ 43. Kh1 gxh3 44. g3 Rg4 45. Kh2 Rg7 46. Qe2 Qg6 47. Qf3 Rf5 48. Qd1 Qe6 49. Qf1 Rgg5 50. Rh1 Qe4 51. Rg1 Qf3 52. Qe1 Rg6 53. Qd1 Rgf6 54. Qxf3 Rxf3 55. Rf1 Rxe3 0-1

[Event "Kecskemet Caissa IM 12"]
[Site "Kecskemet"]
[Date "2016.12.19"]
[Round "7"]
[White "Psaila, Clarence"]
[Black "Yang, Hainan"]
[Result "0-1"]
[WhiteElo "2036"]
[BlackElo "2368"]
[PlyCount "76"]
[EventDate "2016.12.14"]
[EventType "tourn"]
[EventRounds "10"]
[EventCountry "HUN"]
[EventCategory "1"]
[SourceTitle "CBM 176 Extra"]
[Source "ChessBase"]
[SourceDate "2017.03.02"]
[SourceVersion "1"]
[SourceVersionDate "2017.03.02"]
[SourceQuality "1"]

1. Nf3 d5 2. c4 d4 3. g3 c5 4. e3 Nc6 5. exd4 cxd4 6. d3 Nf6 7. Bg2 g6 8. 0-0 Bg7 9. b4 Nxb4 10. Qa4+ Nc6 11. Ne5 Bd7 12. Nxc6 bxc6 13. Bxc6 0-0 14. Bxd7 Nxd7 15. Nd2 Ne5 16. Qc2 Qd7 17. f4 Ng4 18. Nf3 Rab8 19. Rb1 Rxb1 20. Qxb1 Qc7 21. h3 Nh6 22. Rf2 Nf5 23. Kg2 h5 24. Rb2 h4 25. Nxh4 Nxh4+ 26. gxh4 Bf6 27. Rb7 Qc6+ 28. Kg3 Qe6 29. Qb4 Kg7 30. Rb5 Bxh4+ 31. Kf3 Qxh3+ 32. Ke2 Qg4+ 33. Kd2 Be1+ 34. Kxe1 Rh8 35. Rg5 Rh1+ 36. Kf2 Rh2+ 37. Kf1 Qe2+ 38. Kg1 Qf2# 0-1

[Event "Kecskemet Caissa IM 12"]
[Site "Kecskemet"]
[Date "2016.12.18"]
[Round "5"]
[White "To, Nhat Minh"]
[Black "Yang, Hainan"]
[Result "0-1"]
[WhiteElo "2315"]
[BlackElo "2368"]
[PlyCount "120"]
[EventDate "2016.12.14"]
[EventType "tourn"]
[EventRounds "10"]
[EventCountry "HUN"]
[EventCategory "1"]
[SourceTitle "CBM 176 Extra"]
[Source "ChessBase"]
[SourceDate "2017.03.02"]
[SourceVersion "1"]
[SourceVersionDate "2017.03.02"]
[SourceQuality "1"]

1. e4 c5 2. Nc3 Nc6 3. Bc4 e6 4. d3 Nf6 5. Bg5 Be7 6. f4 h6 7. Bxf6 Bxf6 8. e5 Bh4+ 9. g3 Be7 10. Nf3 a6 11. a4 b6 12. 0-0 Bb7 13. Ne4 d5 14. exd6 Bxd6 15. c3 0-0 16. Qe2 Qc7 17. Rad1 Na5 18. Ba2 Rad8 19. Bb1 Be7 20. Ne5 Nc6 21. Nc4 b5 22. axb5 axb5 23. Na3 Na7 24. f5 exf5 25. Rxf5 Qc6 26. g4 c4 27. d4 Rde8 28. d5 Qb6+ 29. Qf2 Qxf2+ 30. Rxf2 Bxa3 31. bxa3 Re5 32. Rfd2 Rd8 33. Kf2 Rexd5 34. Ke3 Rxd2 35. Rxd2 Rxd2 36. Nxd2 Nc6 37. a4 bxa4 38. Nxc4 Ba6 39. Na3 Ne5 40. Bc2 Nxg4+ 41. Kf4 Nxh2 42. Bxa4 g5+ 43. Kg3 Nf1+ 44. Kf2 Nd2 45. Bb5 Bxb5 46. Nxb5 Nc4 47. Ke2 h5 48. Kd3 Na5 49. Nd6 Kg7 50. c4 h4 51. c5 h3 52. Ke4 Kg6 53. Nf5 Nc6 54. Ng3 Ne7 55. Ke5 Nc6+ 56. Kd6 Nd4 57. c6 f5 58. c7 Nb5+ 59. Kd7 Nxc7 60. Kxc7 f4 0-1

[Event "Kecskemet Caissa IM 12"]
[Site "Kecskemet"]
[Date "2016.12.14"]
[Round "1"]
[White "Meszaros, Andras"]
[Black "Yang, Hainan"]
[Result "0-1"]
[WhiteElo "2260"]
[BlackElo "2368"]
[PlyCount "94"]
[EventDate "2016.12.14"]
[EventType "tourn"]
[EventRounds "10"]
[EventCountry "HUN"]
[EventCategory "1"]
[SourceTitle "CBM 176 Extra"]
[Source "ChessBase"]
[SourceDate "2017.03.02"]
[SourceVersion "1"]
[SourceVersionDate "2017.03.02"]
[SourceQuality "1"]

1. e4 e5 2. f4 exf4 3. Nf3 d5 4. exd5 Nf6 5. Bb5+ c6 6. dxc6 bxc6 7. Be2 Bd6 8. 0-0 0-0 9. b3 Nbd7 10. Bb2 Qb6+ 11. Kh1 Bb7 12. Na3 Bxa3 13. Bxa3 Rfe8 14. Bd6 Ne4 15. Bxf4 Ndf6 16. Be3 Qa5 17. Bc4 Rad8 18. Qe1 Qh5 19. Qh4 Qxh4 20. Nxh4 Nxd2 21. Bxd2 Rxd2 22. Rac1 Rdd8 23. Rcd1 c5 24. h3 Rxd1 25. Rxd1 g6 26. Nf3 Kg7 27. Kg1 Re7 28. Rd8 Nd7 29. Ng5 Ne5 30. Bd5 Bxd5 31. Rxd5 c4 32. bxc4 Nxc4 33. Rc5 Nb6 34. Kf2 h6 35. Nf3 Kf6 36. g4 Ke6 37. Rc6+ Kd5 38. Rc3 Nc4 39. a4 a5 40. Rd3+ Kc5 41. Rb3 Nd6 42. Nd2 Rb7 43. Rxb7 Nxb7 44. c3 Nd6 45. Ke3 Nc4+ 46. Nxc4 Kxc4 47. Kd2 f5 0-1

[Event "Kecskemet Caissa IM New Year"]
[Site "Kecskemet"]
[Date "2016.01.19"]
[Round "14"]
[White "Keresztes, Richard"]
[Black "Yang, Hainan"]
[Result "0-1"]
[WhiteElo "2221"]
[BlackElo "2246"]
[PlyCount "74"]
[EventDate "2016.01.10"]
[EventType "tourn"]
[EventRounds "14"]
[EventCountry "HUN"]
[EventCategory "1"]
[SourceTitle "CBM 170 Extra"]
[Source "ChessBase"]
[SourceDate "2016.02.25"]
[SourceVersion "1"]
[SourceVersionDate "2016.02.25"]
[SourceQuality "1"]

1. Nf3 c5 2. g3 Nc6 3. Bg2 g6 4. d3 Bg7 5. c4 e5 6. 0-0 Nge7 7. Nc3 d6 8. a3 Be6 9. Rb1 a5 10. Bd2 0-0 11. Qc1 Nf5 12. b3 Rb8 13. Nb5 Qd7 14. Re1 Nfd4 15. Nfxd4 Nxd4 16. Nxd4 exd4 17. Bxa5 h5 18. Bd2 h4 19. b4 b6 20. b5 d5 21. a4 h3 22. Bf1 dxc4 23. dxc4 Ra8 24. Ra1 Ra7 25. a5 bxa5 26. Rxa5 Rxa5 27. Bxa5 Ra8 28. Bd2 Ra4 29. e4 d3 30. Qb1 Bxc4 31. b6 Ra1 32. b7 Rxb1 33. Rxb1 Be5 34. Bf4 Ba6 35. Bxe5 Bxb7 36. Bxh3 Qxh3 37. Rxb7 f6 0-1

[Event "Kecskemet Caissa GM New Year"]
[Site "Kecskemet"]
[Date "2016.01.04"]
[Round "10"]
[White "Yang, Hainan"]
[Black "Srinath, Rao SV"]
[Result "1-0"]
[WhiteElo "2127"]
[BlackElo "2302"]
[PlyCount "139"]
[EventDate "2015.12.27"]
[EventType "tourn"]
[EventRounds "11"]
[EventCountry "HUN"]
[EventCategory "6"]
[SourceTitle "CBM 170 Extra"]
[Source "ChessBase"]
[SourceDate "2016.02.25"]
[SourceVersion "1"]
[SourceVersionDate "2016.02.25"]
[SourceQuality "1"]

1. d4 d5 2. Nf3 Nf6 3. Bf4 c5 4. e3 Nc6 5. Nbd2 Qb6 6. dxc5 Qxb2 7. Bd3 Nd7 8. e4 Nxc5 9. exd5 Nxd3+ 10. cxd3 Nb4 11. 0-0 Nxd5 12. Be5 Qb5 13. Nc4 Bg4 14. Re1 e6 15. Bxg7 Rg8 16. Be5 Rd8 17. Bg3 Bb4 18. Rf1 Nc3 19. Qc2 Bxf3 20. gxf3 Qf5 21. Kg2 Rd4 22. a3 Ba5 23. Nxa5 Rxd3 24. Rfe1 Qxf3+ 25. Kg1 h5 26. Nc4 f6 27. Rxe6+ Kf7 28. Rae1 Nd5 29. Nd2 Qf5 30. R6e4 Rc3 31. Re7+ Kg6 32. Qxf5+ Kxf5 33. R7e4 Rxa3 34. Rd4 Nc3 35. Nf3 Ne2+ 36. Rxe2 Rxf3 37. Ra2 a6 38. Kf1 Rg4 39. Rd5+ Kg6 40. Kg2 Rb3 41. h4 f5 42. Raa5 Rb5 43. Raxb5 axb5 44. f4 Kf6 45. Rd6+ Ke7 46. Rb6 Rg8 47. Rxb7+ Kf6 48. Rb6+ Kf7 49. Rxb5 Kf6 50. Rb6+ Kg7 51. Bf2 Rd8 52. Kf3 Rd3+ 53. Ke2 Rd7 54. Ra6 Rd5 55. Be1 Rc5 56. Kd3 Rd5+ 57. Kc4 Rd8 58. Bc3+ Kh7 59. Be5 Rd2 60. Ra7+ Kh6 61. Ra6+ Kh7 62. Bf6 Re2 63. Bg5 Rc2+ 64. Kd4 Rb2 65. Rh6+ Kg7 66. Rxh5 Rb6 67. Be7 Re6 68. Bg5 Rb6 69. Rh6 Rb4+ 70. Kc3 1-0

[Event "Kecskemet Caissa GM New Year"]
[Site "Kecskemet"]
[Date "2016.01.02"]
[Round "8"]
[White "Yang, Hainan"]
[Black "Goh, Wei Ming Kevin"]
[Result "1/2-1/2"]
[WhiteElo "2127"]
[BlackElo "2430"]
[PlyCount "20"]
[EventDate "2015.12.27"]
[EventType "tourn"]
[EventRounds "11"]
[EventCountry "HUN"]
[EventCategory "6"]
[SourceTitle "CBM 170 Extra"]
[Source "ChessBase"]
[SourceDate "2016.02.25"]
[SourceVersion "1"]
[SourceVersionDate "2016.02.25"]
[SourceQuality "1"]

1. Nf3 Nf6 2. c4 g6 3. g3 Bg7 4. Bg2 d5 5. cxd5 Nxd5 6. Nc3 c5 7. 0-0 Nc6 8. d3 0-0 9. Bd2 e6 10. Rc1 b6 1/2-1/2

[Event "Kecskemet Caissa GM New Year"]
[Site "Kecskemet"]
[Date "2016.01.01"]
[Round "6"]
[White "Yang, Hainan"]
[Black "Fominyh, Alexander"]
[Result "1/2-1/2"]
[WhiteElo "2127"]
[BlackElo "2441"]
[PlyCount "120"]
[EventDate "2015.12.27"]
[EventType "tourn"]
[EventRounds "11"]
[EventCountry "HUN"]
[EventCategory "6"]
[SourceTitle "CBM 170 Extra"]
[Source "ChessBase"]
[SourceDate "2016.02.25"]
[SourceVersion "1"]
[SourceVersionDate "2016.02.25"]
[SourceQuality "1"]

1. d4 d5 2. Nc3 e6 3. Bf4 Nf6 4. e3 Bd6 5. Nf3 Bxf4 6. exf4 Qd6 7. Qd2 c5 8. dxc5 Qxc5 9. Bd3 Nc6 10. a3 0-0 11. 0-0 Rd8 12. Rfe1 b6 13. b4 Qf8 14. Ne5 Bb7 15. Nxc6 Bxc6 16. f5 Qd6 17. fxe6 fxe6 18. Qe2 Re8 19. Qe5 Qxe5 20. Rxe5 Nd7 21. Re2 e5 22. Bb5 Bxb5 23. Nxb5 Rec8 24. Rd1 Nf6 25. Rxe5 Rxc2 26. Re7 Rac8 27. Nxa7 Rd2 28. Ree1 Rxd1 29. Rxd1 Rc2 30. Nb5 Kf7 31. f3 Ra2 32. Rc1 d4 33. Rd1 Nd5 34. Rxd4 Ne3 35. g3 Rg2+ 36. Kh1 Rf2 37. h4 Rxf3 38. Kh2 Nf5 39. Nd6+ Nxd6 40. Rxd6 Rxa3 41. Rxb6 Ra2+ 42. Kg1 h5 43. Kf1 Rb2 44. b5 g6 45. Rb8 Kf6 46. b6 Kf5 47. b7 Kg4 48. Rg8 Rxb7 49. Rxg6+ Kf3 50. Kg1 Rb2 51. Rg5 Rg2+ 52. Kh1 Rxg3 53. Kh2 Rg4 54. Kh3 Kf4 55. Rxh5 Rg3+ 56. Kh2 Ra3 57. Rh8 Kg4 58. h5 Rh3+ 59. Kg2 Rxh5 60. Rxh5 Kxh5 1/2-1/2

[Event "Kecskemet Caissa IM 12"]
[Site "Kecskemet"]
[Date "2015.12.17"]
[Round "3"]
[White "Nomin Erdene, Davaademberel"]
[Black "Yang, Hainan"]
[Result "1-0"]
[WhiteElo "2430"]
[BlackElo "2127"]
[PlyCount "145"]
[EventDate "2015.12.15"]
[EventType "tourn"]
[EventRounds "10"]
[EventCountry "HUN"]
[EventCategory "3"]
[SourceTitle "CBM 170 Extra"]
[Source "ChessBase"]
[SourceDate "2016.02.25"]
[SourceVersion "1"]
[SourceVersionDate "2016.02.25"]
[SourceQuality "1"]

1. e4 c5 2. Nf3 Nc6 3. d4 cxd4 4. Nxd4 g6 5. c4 Nf6 6. Nc3 Nxd4 7. Qxd4 d6 8. Be2 Bg7 9. 0-0 0-0 10. Qe3 Be6 11. Rb1 Qb6 12. Qd3 Rfc8 13. b3 Nd7 14. Bd2 Qd4 15. Qc2 f5 16. Rfd1 fxe4 17. Nxe4 Bf5 18. Bd3 Qb6 19. Ng5 Rf8 20. Be3 Qa5 21. c5 d5 22. b4 Qc7 23. Bxf5 Rxf5 24. g4 Rxg5 25. Bxg5 Ne5 26. Qb3 e6 27. Bf4 Rf8 28. Bg3 Qf7 29. h3 Nf3+ 30. Kg2 h5 31. Rd3 Nd4 32. Qd1 e5 33. Rb2 Qf6 34. Re3 e4 35. Rd2 h4 36. Bd6 Rf7 37. f4 exf3+ 38. Kf2 Ne2 39. Be5 Qg5 40. Bxg7 Kxg7 41. Rxf3 Rxf3+ 42. Kxf3 Nc3 43. Qe1 Ne4 44. Qa1+ Kh7 45. Rd3 Qe7 46. Qd4 Ng5+ 47. Kf2 Qf7+ 48. Kg2 Ne6 49. Qf2 Nf4+ 50. Kf1 g5 51. Rf3 Qg6 52. Rxf4 gxf4 53. Qxh4+ Kg8 54. Qd8+ Kg7 55. Qc7+ Kg8 56. Qc8+ Kg7 57. Qc7+ Kg8 58. Qb8+ Kg7 59. Qe5+ Kg8 60. Qxd5+ Kg7 61. Qe5+ Kg8 62. Qb8+ Kg7 63. Qxb7+ Kh6 64. Kf2 Qf6 65. Kf3 Qc3+ 66. Kxf4 Qxh3 67. g5+ Kg6 68. Qe4+ Kg7 69. Qe7+ Kg8 70. Qd8+ Kg7 71. Qf6+ Kg8 72. Qg6+ Kf8 73. Qh6+ 1-0

[Event "Hong Kong op"]
[Site "Hong Kong"]
[Date "2014.10.03"]
[Round "6"]
[White "Oh, Benjamin Yao Teng"]
[Black "Yang, Hainan"]
[Result "0-1"]
[WhiteElo "1640"]
[BlackElo "2137"]
[PlyCount "118"]
[EventDate "2014.10.01"]
[EventType "swiss"]
[EventRounds "9"]
[EventCountry "HKG"]
[SourceTitle "CBM 162 Extra"]
[Source "ChessBase"]
[SourceDate "2014.10.17"]
[SourceVersion "1"]
[SourceVersionDate "2014.10.17"]
[SourceQuality "1"]

1. e4 d5 2. exd5 Nf6 3. d4 Nxd5 4. c4 Nb6 5. Nf3 g6 6. h3 Bg7 7. Nc3 0-0 8. Be3 Nc6 9. Be2 e5 10. d5 Ne7 11. 0-0 Nf5 12. Bg5 f6 13. Bc1 c5 14. Ne4 Qc7 15. b4 cxb4 16. c5 Nd7 17. d6 Qd8 18. Qb3+ Kh8 19. Qxb4 Nb8 20. Bb2 b6 21. Rfd1 Ba6 22. Bb5 bxc5 23. Qxc5 Bb7 24. Qc4 Qb6 25. Ba3 Rc8 26. Qb4 a6 27. d7 Rd8 28. Bd3 Qxb4 29. Bxb4 Rxd7 30. Bc2 Rxd1+ 31. Rxd1 Nc6 32. Bc3 Rd8 33. Rxd8+ Nxd8 34. Nfd2 Ne6 35. Bb3 Nfd4 36. Nd6 Nxb3 37. Nxb7 Nxd2 38. Bxd2 Bf8 39. Kf1 Kg8 40. Be3 Kf7 41. Ke2 Ke8 42. Kd3 Kd7 43. Kc4 Be7 44. Nc5+ Bxc5 45. Bxc5 Kc6 46. Be7 f5 47. g3 Nc7 48. Bf6 Kd6 49. Bg7 Ne6 50. Bh6 f4 51. gxf4 Nxf4 52. h4 Ng2 53. Bg5 Ne1 54. Kb4 Nd3+ 55. Ka5 Nxf2 56. Kxa6 Kc6 57. a4 Nd3 58. a5 Nb4+ 59. Ka7 Kb5 0-1

[Event "Hong Kong op"]
[Site "Hong Kong"]
[Date "2014.10.02"]
[Round "3"]
[White "Li, Xinyu"]
[Black "Yang, Hainan"]
[Result "0-1"]
[WhiteElo "1709"]
[BlackElo "2137"]
[PlyCount "98"]
[EventDate "2014.10.01"]
[EventType "swiss"]
[EventRounds "9"]
[EventCountry "HKG"]
[SourceTitle "CBM 162 Extra"]
[Source "ChessBase"]
[SourceDate "2014.10.17"]
[SourceVersion "1"]
[SourceVersionDate "2014.10.17"]
[SourceQuality "1"]

1. d4 Nf6 2. c4 c5 3. d5 b5 4. cxb5 a6 5. bxa6 Bxa6 6. Nc3 g6 7. g3 d6 8. Bg2 Bg7 9. Nf3 Nbd7 10. 0-0 0-0 11. Re1 Qb6 12. Qc2 Ng4 13. h3 Nge5 14. Nxe5 Nxe5 15. Rb1 c4 16. Bd2 Rfc8 17. Rec1 Rab8 18. Qe4 Qd8 19. Bg5 h6 20. Bd2 Qf8 21. Nd1 f5 22. Qc2 Qf7 23. Be3 Bb7 24. Qd2 Kh7 25. Nc3 Ra8 26. Qd1 Nd7 27. a4 Ba6 28. Nb5 Rab8 29. Na7 Rf8 30. Qd2 Nc5 31. Bxc5 dxc5 32. Qa5 Bc8 33. Qxc5 Bxb2 34. Rxb2 Rxb2 35. Nxc8 Rxe2 36. Rxc4 Qf6 37. Kh2 Qb2 38. Rf4 Qe5 39. a5 g5 40. Rf3 h5 41. a6 f4 42. gxf4 gxf4 43. a7 Qg5 44. Qc1 Rg8 45. Qf1 Re1 46. Qd3+ Kh6 47. Rg3 fxg3+ 48. fxg3 Re3 49. Qa6+ Rg6 0-1

[Event "Beijing zt 3.5"]
[Site "Beijing"]
[Date "2012.09.18"]
[Round "8"]
[White "Yang, Hainan"]
[Black "Zhang, Ziji"]
[Result "1/2-1/2"]
[WhiteElo "2154"]
[BlackElo "2118"]
[PlyCount "81"]
[EventDate "2012.09.15"]
[EventType "swiss"]
[EventRounds "11"]
[EventCountry "CHN"]
[SourceTitle "EXT 2013"]
[Source "ChessBase"]
[SourceDate "2012.11.22"]
[SourceVersion "1"]
[SourceVersionDate "2012.11.22"]
[SourceQuality "1"]

1. e4 c5 2. Nf3 d6 3. d4 cxd4 4. Nxd4 Nf6 5. Nc3 Nc6 6. f4 e5 7. Nxc6 bxc6 8. fxe5 Ng4 9. Be2 Nxe5 10. Be3 Be7 11. 0-0 0-0 12. Kh1 Be6 13. Bd4 a5 14. b3 Rb8 15. Qe1 Qc7 16. Qg3 Kh8 17. Nd1 Bf6 18. Ne3 Qe7 19. Nf5 Bxf5 20. Rxf5 g6 21. Rff1 Bg7 22. Rad1 Kg8 23. Bb2 Rfd8 24. Bc1 Rb4 25. c4 Qc7 26. Bg5 Re8 27. Bc1 Rbb8 28. Ba3 Rbd8 29. c5 dxc5 30. Bxc5 Rxd1 31. Rxd1 Rd8 32. Qe1 Bf8 33. Bd4 Bb4 34. Qg3 Re8 35. Rf1 Kg7 36. Qf4 Qe7 37. Bxe5+ Qxe5 38. Qxf7+ Kh8 39. Qf4 Qxf4 40. Rxf4 Bd2 41. Rg4 1/2-1/2